000 00900 a2200277 4500
999 _c200002617
_d29531
001 200002617
003 TR-AnTOB
005 20230905133204.0
008 101109s2010 tu 000 0
040 _aTR-AnTOB
_beng
_cTR-AnTOB
_erda
041 _atur
050 1 4 _aHC492
_b.K75 2010
090 _aHC492 .K75 2010
245 0 0 _aKrizden istikrara Türkiye tecrübesi :
_bçalışma tebliği /
_cBankacılık Düzenleme ve Denetleme Kurulu.
250 _agözd. geç. 3. bsk.
264 1 _aAnkara. :
_bBDDK,
_c2010.
300 _avii, 86 p. :
_bcol. ill., col. maps. ;
_c28 cm.
650 0 _aFinancial crises
_zTurkey
_911066
650 0 _aFinansal krizler
_zTürkiye
_9123248
651 0 _aTurkey
_xEconomic conditions
_980629
651 0 _aTürkiye
_xEkonomik durum
_980633
710 2 _aBankacılık Düzenleme ve Denetleme Kurumu (Turkey)
_933286
910 _a0035117
942 _cBK
_2lcc